Stopping By Woods On a Snowy Evening Quiz Stats

 Plays Quiz Updated Feb 20, 2020

Support Sporcle.
Go Orange.
Score 0/108 Timer 07:00
0 Plays Today
% Correct
I
95.8%
I
95.8%
I
95.8%
I
95.8%
I
95.8%
a
94.7%
a
94.7%
the
93.8%
the
93.8%
The
93.8%
the
93.8%
The
93.8%
the
93.8%
The
93.8%
woods
92.2%
woods
92.2%
woods
92.2%
woods
92.2%
snow.
89.9%
stop
87.6%
To
86%
To
86%
To
86%
to
86%
to
86%
to
86%
and
85.2%
and
85.2%
and
85.2%
And
85.2%
And
85.2%
in
82.2%
go
79.7%
go
79.7%
are
78.9%
are
78.9%
% Correct
is
76.4%
is
76.4%
stopping
74.9%
He
73.3%
He
73.3%
before
71.4%
before
71.4%
it
71.2%
sleep,
71%
sleep.
71%
My
70.8%
dark
70.5%
miles
70.2%
miles
70.2%
these
69.1%
me
68.9%
know.
68.9%
have
68.9%
think
68.2%
think
68.2%
not
67.9%
horse
67.2%
see
66.6%
But
65.7%
His
65.6%
his
65.6%
his
65.6%
with
65.1%
will
65%
evening
64.8%
Whose
64.5%
house
62.4%
here
61.9%
deep.
61.1%
keep,
60.6%
though;
60.2%
% Correct
up
60.2%
promises
59.1%
must
58.7%
village
58%
Of
57.3%
of
57.3%
there
57.3%
if
56.5%
fill
56.1%
watch
55.7%
queer
55.4%
near
55.1%
little
53.6%
without
52%
lovely,
51%
some
48.5%
farmhouse
47.7%
shake
47.6%
gives
46.4%
bells
46.3%
ask
43.6%
harness
43.3%
mistake.
42.6%
year.
40.5%
lake
38.4%
darkest
38.4%
flake.
38.3%
wind
37.3%
frozen
37.3%
Between
36.2%
only
36.2%
downy
34.7%
sound's
32.6%
other
32.3%
sweep
28.1%
easy
25.9%

You're not logged in!

Compare scores with friends on all Sporcle quizzes.
OR
Log In

From the Vault

Fictional Companies

by Ben

Sometimes to meet the bottom line you have to cut costs or layoff employees, other times you have to bend space and time or kill a few people.
Remove Ads.
Support Sporcle.
Get the best of Sporcle when you Go Orange. This ad-free experience offers more features, more stats, and more fun while also helping to support Sporcle. Thank you for becoming a member.

Show Comments

Extras

Top Quizzes Today


Score Distribution

Your Account Isn't Verified!

In order to create a playlist on Sporcle, you need to verify the email address you used during registration. Go to your Sporcle Settings to finish the process.

Report this User

Report this user for behavior that violates our Community Guidelines.

Details: